| 000 | 01397nam a2200229Ia 4500 | ||
|---|---|---|---|
| 003 | Ost | ||
| 005 | 20260416102359.0 | ||
| 008 | 260416s9999||||xx |||||||||||||| ||und|| | ||
| 040 | _cfsecg | ||
| 041 | _aara | ||
| 082 | _a350.996 | ||
| 100 |
_aشايب، يمينة _eمؤلف |
||
| 245 | 0 |
_aمحاضرات في الفساد وأخلاقيات العمل : _bموجهة لطلبة الليسانس ل م د وفق برنامج وزارة التعليم العالي و البحث العلمي / _c يمينة شايب |
|
| 260 |
_aالجزائر _bجامعة الجزائر3: كلية العلوم الإقتصادية، العلوم التجارية وعلوم التسيير _c2022 |
||
| 300 |
_a113 ورقة _bايضاحات _c30 سم |
||
| 504 | _aالمراجع ص.109 | ||
| 520 | _aالاطارالمفاهيمي لظاهرة الفساد ، الاطار المفاهيمي و القانوني للفساد الاداري و المالي ، تدابير و آليات الوقاية من الفساد و مكافحته ، دور اخلاقيات العمل في الوقاية من الفساد و مكافحته . | ||
| 653 | _aاخلاقيات المهنة | ||
| 653 | _aالفساد الاداري | ||
| 710 |
_aجامعة الجزائر3: كلية العلوم الإقتصادية، العلوم التجارية وعلوم التسيير _eناشر علمي |
||
| 942 | _cHANDOUT | ||
| 999 |
_c41342 _d41342 |
||